MARC details
| 000 -CABECERA |
| campo de control de longitud fija |
03418nam a2200433 a 4500 |
| 003 - IDENTIFICADOR DEL NÚMERO DE CONTROL |
| campo de control |
CHAP |
| 005 - FECHA Y HORA DE LA ÚLTIMA TRANSACCIÓN |
| campo de control |
20241007140223.0 |
| 007 - CAMPO FIJO DE DESCRIPCIÓN FÍSICA--INFORMACIÓN GENERAL |
| campo de control de longitud fija |
cr ||||||a|c|a |
| 008 - DATOS DE LONGITUD FIJA--INFORMACIÓN GENERAL |
| campo de control de longitud fija |
101122s2010 mx r 00010 spa d |
| 035 ## - NÚMERO DE CONTROL DEL SISTEMA |
| Número de control de sistema |
111558 |
| 040 ## - FUENTE DE LA CATALOGACIÓN |
| Centro/agencia transcriptor |
CHAP |
| 090 ## - LOCALMENTE ASIGNADO TIPO-LC NÚMERO DE CLASIFICACIÓN (OCLC); NÚMERO DE CLASIFICACIÓN LOCAL (RLIN) |
| Número de clasificación (OCLC) (R) ; Numero de clasificación, CALL (RLIN) (NR) |
Tesis |
| 100 1# - ENTRADA PRINCIPAL--NOMBRE DE PERSONA |
| Nombre de persona |
Hernández Cruz, Mario. |
| 9 (RLIN) |
53927 |
| 245 10 - MENCIÓN DE TÍTULO |
| Título |
Uso de vermicomposta en la producción de jitomate (Lycopersicon esculentum Mill) bajo condiciones de invernadero |
| Mención de responsabilidad, etc. |
/por Mario Hernández Cruz; director de tesis María Antonia Pérez Olvera. |
| 264 #1 - PRODUCCIÓN, PUBLICACIÓN, DISTRIBUCIÓN, FABRICACIÓN Y COPYRIGHT |
| Producción, publicación, distribución, fabricación y copyright |
Chapingo, Méx. : |
| Nombre del de productor, editor, distribuidor, fabricante |
El autor, |
| Fecha de producción, publicación, distribución, fabricación o copyright |
2010 |
| 300 ## - DESCRIPCIÓN FÍSICA |
| Extensión |
1 recurso en línea (87 páginas): |
| Otras características físicas |
cuadros, figuras. |
| 336 ## - TIPO DE CONTENIDO |
| Fuente |
rdacontent |
| Término de tipo de contenido |
texto |
| Código de tipo de contenido |
txt |
| 337 ## - TIPO DE MEDIO |
| Fuente |
rdamedia |
| Nombre/término del tipo de medio |
computadora |
| Código del tipo de medio |
c |
| 338 ## - TIPO DE SOPORTE |
| Fuente |
rdacarrier |
| Nombre/término del tipo de soporte |
recursos en línea |
| Código del tipo de soporte |
cr |
| 502 ## - NOTA DE TESIS |
| Nota de tesis |
Tesis (Ing. Agr. Esp. en Fitotecnia) -- UACH. Departamento de Fitotecnia |
| Tipo de título |
Ingeniero Agrónomo Especialista en Fitotecnia |
| Nombre de la institución que otorga el título |
Departamento de Enseñanza, Investigación y Servicio en Fitotecnia, |
| Año de obtención del título |
2010. |
| Información miscelánea |
Licenciatura |
| 520 ## - SUMARIO, ETC. |
| Sumario, etc. |
Con el objetivo de contribuir al desarrollo de nuevas tecnologías de producción de cultivos, se planteó la evaluación de vermicomposta aplicada al sustrato, como fuente alternativa de nutrientes, en la producción de jitomate bajo condiciones de invernadero. Se evaluaron cuatro niveles de vermicomposta (25, 50, 75 y 100 %) mezclada con base en volumen con suelo natural, las cuales se emplearon como medio de crecimiento de jitomate, variedad SUN7705, distribuidos en un diseño experimental completamente al azar. Las variables evaluadas fueron altura de planta (AP), racimos cosechados (RC), peso de racimo (PMR), frutos por racimo (FPR), peso de fruto (PMF), rendimiento total (RTO), y rendimiento por calidad de fruto (CF PRIMERA, CF SEGUNDA, y CF TERCERA). Como resultados se obtuvo que las variables RC, RTO, CF SEGUNDA, y CF TERCERA, presentaron diferencias estadísticas, mientras que el resto de las variables evaluadas no fueron afectadas significativamente. La mejor respuesta en rendimiento se obtuvo en el nivel 25 % vermicomposta con una media de 2044 g·planta-1 (81.76 t·ha-1), seguido de los niveles 100, 75, 50 y 0 % vermicomposta, con valores de 1818.4, 1773.3, 1729.4 y 1485.0 g·planta-1 respectivamente. Para la variable calidad de fruto, el tratamiento con 25 % vermicomposta, presentó el rendimiento más alto de primera calidad (1038.8 g·planta-1); mientras que en segunda y tercera calidad los rendimientos más altos se generaron en el nivel 100 % vermicomposta. Se concluyó que el empleo de vermicomposta en el sustrato mejora el rendimiento de jitomate; por lo que es una opción adecuada como aporte de nutrientes y como medio de crecimiento para el cultivo de jitomate bajo condiciones de invernadero. |
| 650 04 - PUNTO DE ACCESO ADICIONAL DE MATERIA--TÉRMINO DE MATERIA |
| Término de materia o nombre geográfico como elemento de entrada |
Compost. |
| 9 (RLIN) |
26105 |
| 650 04 - PUNTO DE ACCESO ADICIONAL DE MATERIA--TÉRMINO DE MATERIA |
| Término de materia o nombre geográfico como elemento de entrada |
Tomate |
| Subdivisión general |
Cultivos en invernadero. |
| 9 (RLIN) |
113704 |
| 700 1# - PUNTO DE ACCESO ADICIONAL--NOMBRE DE PERSONA |
| Nombre de persona |
Pérez Olvera, María Antonia |
| 9 (RLIN) |
89897 |
| Término indicativo de función/relación |
Director de tesis. |
| 856 ## - LOCALIZACIÓN Y ACCESO ELECTRÓNICOS |
| Identificador Uniforme del Recurso |
http://10.13.5.2/tesis/111558.pdf |
| Nota pública |
DESCARGAR PDF |
| 942 ## - ELEMENTOS DE PUNTO DE ACCESO ADICIONAL (KOHA) |
| Tipo de ítem Koha |
Tesis digital |
| Fuente del sistema de clasificación o colocación |
Clasificación Universidad Autónoma Chapingo |
| 590 ## - NOTA LOCAL (RLIN) |
| Nota local |
ALEPH |
| Procedencia (VM) [OBSOLETO] |
10 |
| Condición del los carretes individuales (VM) [OBSOLETO] |
20130110 |
| 590 ## - NOTA LOCAL (RLIN) |
| Nota local |
BATCH-UPD |
| Procedencia (VM) [OBSOLETO] |
10 |
| Condición del los carretes individuales (VM) [OBSOLETO] |
20130110 |
| 590 ## - NOTA LOCAL (RLIN) |
| Nota local |
BATCH-UPD |
| Procedencia (VM) [OBSOLETO] |
10 |
| Condición del los carretes individuales (VM) [OBSOLETO] |
20130410 |
| 590 ## - NOTA LOCAL (RLIN) |
| Nota local |
BATCH-UPD |
| Procedencia (VM) [OBSOLETO] |
10 |
| Condición del los carretes individuales (VM) [OBSOLETO] |
20130914 |
| 590 ## - NOTA LOCAL (RLIN) |
| Nota local |
BATCH-UPD |
| Procedencia (VM) [OBSOLETO] |
10 |
| Condición del los carretes individuales (VM) [OBSOLETO] |
20140324 |
| 590 ## - NOTA LOCAL (RLIN) |
| Nota local |
BATCH-UPD |
| Procedencia (VM) [OBSOLETO] |
10 |
| Condición del los carretes individuales (VM) [OBSOLETO] |
20141002 |
| 590 ## - NOTA LOCAL (RLIN) |
| Nota local |
CONVERSION |
| Procedencia (VM) [OBSOLETO] |
10 |
| Condición del los carretes individuales (VM) [OBSOLETO] |
20130109 |
| 901 ## - ELEMENTOS DE DATOS A LOCAL LDA (RLIN) |
| a |
BK |
| 949 ## - PROCESAMIENTO DE INFORMACIÓN LOCAL (OCLC) |
| b |
BC |
| c |
TES |
| d |
33724002224405 |
| e |
TS2 |
| f |
c.2 |
| g |
DonaciØn |
| h |
51527 |
| i |
111558 |
| s |
b |
| 949 ## - PROCESAMIENTO DE INFORMACIÓN LOCAL (OCLC) |
| b |
BC |
| c |
TES |
| d |
33724002224446 |
| e |
TS1 |
| g |
DonaciØn |
| h |
51526 |
| i |
111558 |
| s |
b |